000 004250000a22001690004500
003 MACL
005 20160119171918.0
008 160119b xxu||||| |||| 00| 0 eng d
040 _aMACL
_cMACL
041 _aEnglish
082 _a005.33/BRO
100 _aBronson, Gary J.
_933382
245 _aA First Book of Ansic
260 _bBrooks Cole
_aSingapore
650 _aComputer probraming
_933182
942 _cBK
_k005/Bro
_2ddc
999 _c32956
_d32956